Numerical Analysis 6th Ed (Record no. 295211)
[ view plain ]
| 000 -LEADER | |
|---|---|
| fixed length control field | 00273 a2200133 4500 |
| 001 - CONTROL NUMBER | |
| control field | 60138 |
| 082 ## - DEWEY DECIMAL CLASSIFICATION NUMBER | |
| Classification number | 519.4 BUR |
| 090 ## - LOCALLY ASSIGNED LC-TYPE CALL NUMBER (OCLC); LOCAL CALL NUMBER (RLIN) | |
| -- | 36952 |
| -- | 36952 |
| 100 ## - MAIN ENTRY--PERSONAL NAME | |
| Personal name | Burden |
| 245 ## - TITLE STATEMENT | |
| Title | Numerical Analysis 6th Ed |
| 250 ## - EDITION STATEMENT | |
| Edition statement | 6 th |
| 260 ## - PUBLICATION, DISTRIBUTION, ETC. | |
| Place of publication, distribution, etc. | USA |
| Name of publisher, distributor, etc. | Brooks Cole |
| 300 ## - PHYSICAL DESCRIPTION | |
| Extent | 811 |
| 942 ## - ADDED ENTRY ELEMENTS (KOHA) | |
| Institution code [OBSOLETE] | caenust |
| Call number prefix | 519.4 BUR |
| Withdrawn status | Lost status | Damaged status | Not for loan | Collection code | Permanent Location | Current Location | Date acquired | Total Checkouts | Full call number | Barcode | Date last seen | Price effective from | Koha item type |
|---|---|---|---|---|---|---|---|---|---|---|---|---|---|
| College of Aeronautical Engineering (CAE) | College of Aeronautical Engineering (CAE) | 04/03/2017 | 519.4 BUR | CAEG-3943 | 04/05/2017 | 04/05/2017 | Book | ||||||
| College of Aeronautical Engineering (CAE) | College of Aeronautical Engineering (CAE) | 04/03/2017 | 519.4 BUR | CAEG-3942 | 04/05/2017 | 04/05/2017 | Book |
